Central Library OPAC University of Rajshahi

প্রসঙ্গ : (Record no. 39553)

MARC details
000 -LEADER
fixed length control field 00781nam a2200229 a 4500
001 - CONTROL NUMBER
control field 39553
003 - CONTROL NUMBER IDENTIFIER
rucl marc code BD-RjUL
005 - DATE AND TIME OF LATEST TRANSACTION
control field 20211209053020.0
008 - FIXED-LENGTH DATA ELEMENTS--GENERAL INFORMATION
fixed length control field 160412s2014 xxu||||| |||| 00| 0 ben d
020 ## - INTERNATIONAL STANDARD BOOK NUMBER
International Standard Book Number 9789849055884
Terms of availability : Tk. 300.00
035 ## - SYSTEM CONTROL NUMBER
System control number (BD-RjUL) 39666
040 ## - CATALOGING SOURCE
Original cataloging agency BD-RjUL
Language of cataloging ben
Transcribing agency BD-RjUL
041 ## - LANGUAGE CODE
Language code of text/sound track or separate title ben
082 ## - DEWEY DECIMAL CLASSIFICATION NUMBER
Edition number 23
Classification number 500
Author mark and year PAP 2014
100 ## - MAIN ENTRY--PERSONAL NAME
Personal name পাল, নিশীথ কুমার
9 (RLIN) 119563
245 10 - TITLE STATEMENT
Title প্রসঙ্গ :
Remainder of title বিজ্ঞান ও প্রযুক্তি /
Statement of responsibility, etc. নিশীথ কুমার পাল
260 ## - PUBLICATION, DISTRIBUTION, ETC. (IMPRINT)
Place of publication, distribution, etc. ঢাকা :
Name of publisher, distributor, etc. অনন্যা,
Date of publication, distribution, etc. ২০১৪
300 ## - PHYSICAL DESCRIPTION
Pagination ২৫৪ পৃ. ;
Size ২২ সেমি.
650 ## - SUBJECT ADDED ENTRY--TOPICAL TERM
Topical term or geographic name as entry element বিজ্ঞান
9 (RLIN) 122670
Topical term or geographic name as entry element Science
9 (RLIN) 122671
942 ## - ADDED ENTRY ELEMENTS (KOHA)
Source of classification or shelving scheme Dewey Decimal Classification
Koha item type Books
Holdings
Lost status Source of classification or shelving scheme Damaged status Not for loan Collection code Permanent Location Current Location Shelving location Date acquired Source of acquisition Cost, normal purchase price Total Checkouts Full call number Date last seen Copy number Koha item type
  Dewey Decimal Classification   Not For Loan Non-fiction Central Library, University of Rajshahi Central Library, University of Rajshahi Reading Room 25/05/2014 Dept. of Botany, RU. 300.00   B 500 PAP 2014 12/04/2016 C-1 Books
  Dewey Decimal Classification     Non-fiction Central Library, University of Rajshahi Central Library, University of Rajshahi   25/05/2014 Dept. of Botany, RU. 300.00   B 500 PAP 2014 12/04/2016 C-2 Books
  Dewey Decimal Classification     Non-fiction Central Library, University of Rajshahi Central Library, University of Rajshahi   25/05/2014 Dept. of Botany, RU. 300.00   B 500 PAP 2014 12/04/2016 C-3 Books